000 00258nam a2200097Ia 4500
008 200302s9999 xx 000 0 und d
100 _aAuthor
245 _aSustainable Architecture Hightech Housing
260 _bCarles Broto & Josep M Minguet
300 _a177 P.,
999 _c5205
_d5205